| 000 | 00607 a2200181 4500 | ||
|---|---|---|---|
| 999 |
_c26620 _d26620 |
||
| 008 | 230622b ||||| |||| 00| 0 eng d | ||
| 020 |
_a9789353161170 _cRs899.00 |
||
| 082 | 0 | 0 |
_a658.5 _bC4871 |
| 100 | _aChase, Richard B. | ||
| 245 |
_aOperations and Supply Chain Management / _cRichard B. Chase, Ravi Shankar, and F. Robert Jacobs |
||
| 250 | _a15th ed. | ||
| 260 |
_aChennai: _bMcGraw Hill Education (india) pvt. ltd., _c2022. |
||
| 300 |
_axxviii, 793 p. : _bill.; _c28 cm |
||
| 650 | 0 | _aProduction management | |
| 700 |
_95511 _aShankar, Ravi |
||
| 700 |
_95521 _aJacobs, F. Robert |
||
| 942 |
_2ddc _cBK |
||